| 000 | 00579nam a2200181 a 4500 | ||
|---|---|---|---|
| 005 | 20260204064122.0 | ||
| 008 | 991125s1935 mx 000 0 spa u | ||
| 035 | _aUPN01000008419 | ||
| 049 | _aSEP | ||
| 050 | 4 |
_aLB1133 _bH9.4 |
|
| 100 | 1 |
_aHuerta Maldonado, Miguel, _d1908-2005 _928770 |
|
| 245 | 1 | 3 |
_aLa clasificación escolar, su función protectora del niño y sus ventajas para la educación / _cMiguel Huerta. |
| 260 |
_aMéxico : _bSEP, _c1935. |
||
| 300 | _a40 p. | ||
| 650 | 4 |
_aClasificación de estudiantes _910875 |
|
| 650 | 4 |
_aNiño, Estudio del _9221 |
|
| 905 | _aLibro | ||
| 999 |
_c8419 _d8419 |
||